| 000 | 00788cab a2200277 4500 | ||
|---|---|---|---|
| 001 | WB2709-07 | ||
| 008 | 090401t1991 xxu||||| |||| 00| 0 eng d | ||
| 035 | _a(Sirsi) u21182 | ||
| 041 | _aeng | ||
| 245 | _aOffice jam forces up rents | ||
| 260 | _c1991 | ||
| 350 | _a0 | ||
| 490 |
_aBirmingham Post _v21/2/91 pB8 |
||
| 520 | _aChesterton s " Birmingham Business review" predicts increasing rental growth for Birmingham city centre with satellite towns facing an oversupply of space. | ||
| 650 | _aFLOORSPACE | ||
| 650 | _aINDUSTRIAL | ||
| 650 | _aOFFICES | ||
| 650 | _aSOLIHULL | ||
| 650 | _aSUPPLY AND DEMAND | ||
| 650 | _aTAKEUP | ||
| 650 | _aWAREHOUSING | ||
| 650 | _aWEST MIDLANDS | ||
| 690 | _aPROPERTY-COMMERCIAL PROPERTY | ||
| 942 | _n0 | ||
| 948 | _c04/03/1997 | ||
| 999 |
_c14217 _d14217 |
||